Modern chromatics. With applications to Art and industry. With 130 original illustrations

Saved in:
Bibliografiske detaljer
Hovedforfatter: Rood, Ogden N. (Author)
Format: Bog
Sprog:engelsk
Udgivet: Londres Kegan Paul, Trench, & Co., 1 Paternoster Square 1879
Udgivelse:1a. ed
Serier:International Scientific Series, XXVII
Fag:
Tags: Tilføj Tag
Ingen Tags, Vær først til at tagge denne postø!

MARC

LEADER 00000nam a2200000 a 4500
001 UCJ7011
003 CL-VaPUC
008 070124e18790000UK |||||||||||||||||eng|d
082 0 4 |a 503  |b ROO  |2 21 
100 0 |a Rood, Ogden N.  |e author  |9 514835 
245 1 0 |a Modern chromatics. With applications to Art and industry. With 130 original illustrations 
250 |a 1a. ed 
300 |a x, 325 p 
942 |c BK 
945 |d 20070124 00:00:00  |a rinostro 
260 |a Londres  |b Kegan Paul, Trench, & Co., 1 Paternoster Square  |c 1879 
500 |a Ilustraciones sin indizar 
650 0 |a Cromatografía   |9 263967 
650 0 |a Luz  |9 263172 
650 0 |a Optica   |9 263171 
650 0 |a Polarización   |9 354950 
650 0 |a Visión  |9 269056 
650 7 |a ROSA CROMATICA  |2 CL-VaPUC  |9 514836 
583 |a last modification  |c 20070124 00:00:00  |k Rodrigo Vera 
490 0 |a International Scientific Series, XXVII 
999 |c 323113  |d 323111 
952 |0 0  |1 0  |4 0  |6 503_000000000000000_ROO_1879  |7 0  |8 X  |9 402429  |a FDOBUD  |b FDOBUD  |d 2019-11-22  |i 1020781  |o 503 ROO 1879  |p 1020781  |r 2019-11-22  |w 2019-11-22  |y BK_X  |k BUD